Teoría y política del dinero / (Registro nro. 8365)
[ vista simple ]
| 000 -LEADER | |
|---|---|
| fixed length control field | 01154nam a2200277Ia 4500 |
| 003 - CONTROL NUMBER IDENTIFIER | |
| control field | OSt |
| 005 - DATE AND TIME OF LATEST TRANSACTION | |
| control field | 20210823142449.0 |
| 008 - FIXED-LENGTH DATA ELEMENTS--GENERAL INFORMATION | |
| fixed length control field | 210310s1964 sp ad fr 001 0 spa d |
| 040 ## - CATALOGING SOURCE | |
| Original cataloging agency | CO-JMCR |
| Transcribing agency | CO-JMCR |
| 041 1# - LANGUAGE CODE | |
| Language code of text/sound track or separate title | spa |
| Language code of original | gem |
| 082 04 - DEWEY DECIMAL CLASSIFICATION NUMBER | |
| Classification number | 332.401 / |
| Item number | P371t |
| Edition number | 23 |
| 100 1# - MAIN ENTRY--PERSONAL NAME | |
| Personal name | Pedersen, Jorgen, |
| 9 (RLIN) | 17058 |
| Relator term | autor |
| 245 10 - TITLE STATEMENT | |
| Title | Teoría y política del dinero / |
| Statement of responsibility, etc. | Jorgen Pedersen ; traducción del danés por Arne Koefoed ; introducción, revisión y notas por Manuel de Torres |
| 250 ## - EDITION STATEMENT | |
| Edition statement | Cuarta edición |
| 260 ## - PUBLICATION, DISTRIBUTION, ETC. | |
| Place of publication, distribution, etc. | Madrid : |
| Name of publisher, distributor, etc. | Aguilar, |
| Date of publication, distribution, etc. | 1964 |
| 300 ## - PHYSICAL DESCRIPTION | |
| Extent | xxvii, 420 páginas : |
| Other physical details | ilustraciones y gráficas a blanco y negro ; |
| Dimensions | 22 cm. |
| 490 0# - SERIES STATEMENT | |
| Series statement | Biblioteca de Ciencias Sociales. Sección primera: Economía |
| 500 ## - GENERAL NOTE | |
| General note | Incluye notas a pie de página e índices alfabético de autores y materias.<br/>Título original: Penge teori och penge politik |
| 505 0# - FORMATTED CONTENTS NOTE | |
| Formatted contents note | Teoría del dinero -- Política del dinero |
| 546 ## - LANGUAGE NOTE | |
| Language note | Traducido del danés. |
| 650 14 - SUBJECT ADDED ENTRY--TOPICAL TERM | |
| Topical term or geographic name entry element | Moneda |
| 9 (RLIN) | 17060 |
| General subdivision | Economía |
| 650 24 - SUBJECT ADDED ENTRY--TOPICAL TERM | |
| Topical term or geographic name entry element | Economía |
| General subdivision | Teorías |
| 9 (RLIN) | 39541 |
| 700 1# - ADDED ENTRY--PERSONAL NAME | |
| Personal name | Koefoed, Arne, |
| Relator term | traductor |
| 9 (RLIN) | 39542 |
| 700 1# - ADDED ENTRY--PERSONAL NAME | |
| Personal name | Torres, Manuel de, |
| Relator term | revisor |
| 9 (RLIN) | 3623 |
| 942 ## - ADDED ENTRY ELEMENTS (KOHA) | |
| Source of classification or shelving scheme | Dewey Decimal Classification |
| Koha item type | Books |
| Withdrawn status | Lost status | Source of classification or shelving scheme | Damaged status | Not for loan | Collection code | Home library | Current library | Date acquired | Source of acquisition | Full call number | Barcode | Date last seen | Copy number | Koha item type |
|---|---|---|---|---|---|---|---|---|---|---|---|---|---|---|
| Dewey Decimal Classification | Non-fiction | Biblioteca Pública José María del Castillo y Rada | Biblioteca Pública José María del Castillo y Rada | 04/15/2018 | Donación | 332.401 / P371t | 430006359 | 05/16/2024 | Ej.1 | Books |